Statistics for NBA Teams All-Time Starting 5

Click here to take the quiz!

General Stats

  • This quiz has been taken 1,992 times
  • The average score is 98 of 150

Answer Stats

TeamPosPlayer% Correct
LakersSFLeBron James
96%
HeatSFLeBron James
96%
CavaliersSFLeBron James
96%
BullsSGMichael Jordan
96%
BucksCKareem Abdul-Jabbar
95%
LakersCKareem Abdul-Jabbar
95%
BucksPFGiannis Antetokounmpo
94%
CavaliersPGKyrie Irving
94%
BullsSFScottie Pippen
94%
HeatCShaquille O'Neal
94%
LakersCShaquille O'Neal
94%
MagicCShaquille O'Neal
94%
76ersSFJulius Erving
92%
NetsSFJulius Erving
92%
WarriorsSFKevin Durant
91%
ThunderSFKevin Durant
91%
NetsPFKevin Durant
91%
WarriorsPGStephen Curry
91%
PelicansPGChris Paul
90%
ClippersPGChris Paul
90%
BullsPFDennis Rodman
90%
HeatSGDwyane Wade
90%
JazzPFKarl Malone
90%
ClippersSFKawhi Leonard
90%
RaptorsSFKawhi Leonard
90%
SpursSFKawhi Leonard
90%
CelticsPFLarry Bird
90%
LakersPGMagic Johnson
90%
RocketsCMoses Malone
90%
76ersCMoses Malone
90%
WarriorsCWilt Chamberlain
90%
76ersSGAllen Iverson
89%
PelicansPFDavid West
89%
MavericksPFDirk Nowitzki
89%
RocketsSGJames Harden
89%
LakersSGKobe Bryant
89%
WarriorsSGKlay Thompson
88%
SpursPFTim Duncan
88%
CelticsCBill Russell
87%
Trail BlazersPGDamian Lillard
87%
ThunderPGRussell Westbrook
87%
76ersCJoel Embiid
86%
NuggetsSGDavid Thompson
85%
BullsPGDerrick Rose
85%
TimberwolvesPFKevin Garnett
85%
JazzPGJohn Stockton
84%
MavericksPGLuka Doncic
84%
NuggetsCNikola Jokic
84%
PistonsPGIsiah Thomas
83%
SpursPGTony Parker
83%
KingsPGOscar Robertson
82%
BucksPGOscar Robertson
82%
NuggetsSFCarmelo Anthony
81%
KnicksSFCarmelo Anthony
81%
GrizzliesCMarc Gasol
81%
GrizzliesCPau Gasol
81%
PacersSFPaul George
81%
SunsPGSteve Nash
81%
SpursCDavid Robinson
80%
WizardsPGJohn Wall
80%
KnicksCPatrick Ewing
80%
RocketsCHakeem Olajuwon
79%
NetsPGJason Kidd
79%
PelicansCAnthony Davis
78%
PelicansPGBaron Davis
78%
RaptorsPFChris Bosh
78%
HawksPGTrae Young
78%
ClippersPFBlake Griffin
77%
CelticsSFPaul Pierce
77%
ThunderSGRay Allen
77%
TimberwolvesPFKevin Love
76%
GrizzliesPGJa Morant
74%
MagicPGPenny Hardaway
74%
HeatPGTim Hardaway
74%
SunsPFCharles Barkley
73%
HawksSFDominique Wilkins
73%
PacersSGReggie Miller
73%
RaptorsSFVince Carter
73%
RaptorsPGKyle Lowry
72%
HornetsPFLarry Johnson
72%
CelticsPGBob Cousy
71%
WizardsSGBradley Beal
71%
BucksSFMarques Johnson
71%
Trail BlazersSGClyde Drexler
70%
RocketsSGClyde Drexler
70%
RocketsSGTracy McGrady
70%
MagicSGTracy McGrady
70%
MagicCDwight Howard
69%
HeatCAlonzo Mourning
67%
HornetsCAlonzo Mourning
67%
ThunderPGGary Payton
67%
PistonsCBen Wallace
66%
SunsSGDevin Booker
66%
CelticsSGJohn Havlicek
65%
HornetsPGKemba Walker
65%
GrizzliesPGMike Conley
64%
RaptorsSGDeMar DeRozan
63%
PacersPFJermaine O'Neal
62%
NetsCBrook Lopez
59%
Trail BlazersCBill Walton
58%
HawksPFBob Pettit
57%
BullsCArtis Gilmore
56%
ThunderPFShawn Kemp
56%
KnicksPGWalt Frazier
56%
ClippersCBob McAdoo
55%
HawksCDikembe Mutombo
55%
PistonsSGJoe Dumars
55%
WizardsCWes Unseld
55%
NuggetsSFAlex English
54%
SunsPFAmar'e Stoudemire
54%
SpursSGGeorge Gervin
53%
WarriorsPFRick Barry
52%
KingsPFChris Webber
51%
GrizzliesPFZach Randolph
51%
CavaliersSGMark Price
49%
KnicksCWillis Reed
47%
CavaliersCZydrunas Ilgauskas
44%
PistonsSFGrant Hill
43%
MagicSFGrant Hill
43%
WizardsPFElvin Hayes
42%
JazzSGPete Maravich
40%
BucksSGSidney Moncrief
39%
Trail BlazersPFLaMarcus Aldridge
38%
JazzCMark Eaton
38%
WizardsPGGilbert Arenas
37%
KingsSFPeja Stojakovic
36%
HornetsSFGlen Rice
35%
SunsSFShawn Marion
35%
76ersPGHal Greer
28%
JazzSFAdrian Dantley
27%
HornetsSGEddie Jones
27%
TimberwolvesPGSam Cassell
27%
CavaliersCBrad Daugherty
26%
PistonsCBob Lanier
24%
NuggetsPGFat Lever
24%
MavericksSFMark Aguirre
21%
KingsCJerry Lucas
18%
Trail BlazersPFMaurice Lucas
18%
KingsSGMitch Richmond
18%
MavericksSGRolando Blackman
17%
TimberwolvesSFWally Szczerbiak
13%
HawksSGLou Hudson
12%
NetsSGDrazen Petrovic
11%
ClippersSGWorld B. Free
11%
PelicansSFJamal Mashburn
9%
PacersPGFreddie Lewis
8%
MavericksCJames Donaldson
7%
PacersCMel Daniels
5%
KnicksSGRichie Guerin
5%
TimberwolvesPFTom Gugliotta
4%

Score Distribution

Percentile by Number Answered

Percent of People with Each Score

Your Score History

You have not taken this quiz